Matematika pro 2. ročník základní devítileté školy : pokusný učební text pro žáky. Část 2. /

Main Author: Kabele, Jiří, 1906-1983
Other Authors: Janků, Marie, Hruša, Karel, 1905-1971
Language: Czech
Published: Praha : Státní pedagogické nakladatelství, 1973
Edition: 1. vyd.
Series: Učebnice pro základní devítileté školy
Physical Description: S. 65-115
Book
Saved in:
LEADER 01195nam a22002771a 4500
001 000702170
003 CZ BrMZK
005 20040108085822.0
008 040108s1973 xr e cze d
015 |a cnb000456514 
035 |a (OCoLC)42109028 
040 |a BOA001  |b cze  |c BOA001 
100 1 |a Kabele, Jiří,  |d 1906-1983  |7 jk01052321  |4 aut 
245 1 0 |a Matematika pro 2. ročník základní devítileté školy :  |b pokusný učební text pro žáky.  |n Část 2. /  |c Jiří Kabele, Marie Janků, Karel Hruša 
250 |a 1. vyd. 
260 |a Praha :  |b Státní pedagogické nakladatelství,  |c 1973 
300 |a S. 65-115 
490 1 |a Učebnice pro základní devítileté školy 
700 1 |a Janků, Marie  |7 jn20001103083  |4 aut 
700 1 |a Hruša, Karel,  |d 1905-1971  |7 jk01043012  |4 aut 
830 0 |a Učebnice pro základní devítileté školy  |0 s 
910 |a BOA001  |b PK-N-0015.424,2 
964 |a Matematika - učebnice pokusné - školy základní devítileté 
990 |a BK 
996 7 |b 3119689835  |c PK-N-0015.424,2  |l MZK  |r Sklad / do 1 hodiny  |n 0  |w 000702170  |u 000010  |a 1  |e BOA001  |j MZK50  |s A 
996 6 |b BC-132038  |c PK-N-0015.424,2  |l MZK  |r Sklad / do 1 hodiny  |n 0  |w 000702170  |u 000020  |a 1  |e BOA001  |j MZK50  |s P